| 000 | 01721aam a2200397 i 4500 | ||
|---|---|---|---|
| 001 | 006744881 | ||
| 003 | EG-ScBUE | ||
| 005 | 20251130104348.0 | ||
| 008 | 030224s2002 enka f 000 0 eng d | ||
| 020 | _a9780954413316 | ||
| 020 | _a0954413318 | ||
| 040 |
_aEG-ScBUE _beng _erda _cEG-ScBUE _dEG-ScBUE |
||
| 082 | 0 | 4 |
_a700.711 _222 _bCAD |
| 245 | 0 | 0 |
_aCADISE collaborative management : _blessons learnt : a case study on collaborative management for small specialist institutions in the UK / _cedited by Gail Goodwin and Bethan O'Neil. |
| 264 | 1 |
_aSurrey : _bCadise, _c2002. |
|
| 300 |
_a139 pages : _billustrations ; _c31 cm |
||
| 336 |
_atext _2rdacontent _btxt |
||
| 337 |
_aunmediated _2rdamedia _bn |
||
| 338 |
_avolume _2rdacarrier _bnc |
||
| 504 | _aIncludes bibliographical references. | ||
| 505 | 0 | _aPartial contents: Proceedings of the CADISE Collaborative Management Conference held at the the Royal Geographical Society, 2002. | |
| 650 | 7 |
_aConsortia _xManagement. _2BUEsh |
|
| 650 | 7 |
_aConsortia _xManagement _vCongresses. _2BUEsh |
|
| 650 | 7 |
_aArts _xStudy and teaching (Higher) _2BUEsh |
|
| 650 | 7 |
_aArts _xStudy and teaching (Higher) _vCongresses. _2BUEsh |
|
| 650 | 7 |
_aDesign _xStudy and teaching (Higher) _2BUEsh |
|
| 650 | 7 |
_aDesign _xStudy and teaching (Higher) _vCongresses. _2BUEsh |
|
| 650 | 7 |
_aUniversities and colleges in art _xManagement. _2BUEsh |
|
| 650 | 7 |
_aUniversities and colleges in art _xManagement _vCongresses. _2BUEsh |
|
| 655 | _vReading book | ||
| 700 | 1 |
_aGoodwin, Gail, _eeditor. |
|
| 700 | 1 |
_aO'Neil, Bethan, _eeditor. |
|
| 711 | 2 |
_aCADISE Collaborative Management Conference _d(2002 : _cRoyal Geographical Society) |
|
| 942 |
_2ddc _cBB |
||
| 999 |
_c31031 _d31002 |
||